Soccer Leagues Teams 2023/24 - Statistics

General Stats
  • This quiz has been taken 179 times
    82 since last reset
  • The average score is 69 of 204
Answer Stats
Hint Answer % Correct
Premier League (England) Arsenal
94%
Premier League (England) Manchester City
94%
Premier League (England) Manchester United
94%
Premier League (England) Liverpool
90%
Premier League (England) Aston Villa
89%
Premier League (England) Chelsea
87%
Premier League (England) Tottenham Hotspur
87%
Premier League (England) Wolverhampton Wanderers
83%
Premier League (England) Everton
81%
Premier League (England) Newcastle United
79%
Premier League (England) Brentford
78%
Premier League (England) Crystal Palace
78%
Bundesliga (Germany) Bayern Munich
76%
Premier League (England) Brighton & Hove Albion
76%
Premier League (England) Fulham
76%
Bundesliga (Germany) Borussia Dortmund
75%
Premier League (England) Nottingham Forest
75%
LaLiga (Spain) Real Madrid
73%
Premier League (England) West Ham United
70%
LaLiga (Spain) Atlético Madrid
68%
Ligue 1 (France) Paris Saint-Germain
68%
Serie A (Italy) AC Milan
67%
LaLiga (Spain) Barcelona
67%
Premier League (England) Bournemouth
65%
Premier League (England) Burnley
65%
Serie A (Italy) Inter Milan
65%
Bundesliga (Germany) Bayer Leverkusen 04
62%
LaLiga (Spain) Girona
62%
Serie A (Italy) Juventus
62%
Premier League (England) Luton Town
62%
Eredivisie (Netherlands) Ajax
59%
Serie A (Italy) AS Roma
59%
Bundesliga (Germany) RB Leipzig
59%
Liga Portugal (Portugal) Sporting CP
59%
Serie A (Italy) SSC Napoli
59%
Ligue 1 (France) Olympique Marseille
57%
Eredivisie (Netherlands) PSV
57%
LaLiga (Spain) Athletic Bilbao
56%
Ligue 1 (France) Lille
56%
Ligue 1 (France) Olympique Lyon
56%
Liga Portugal (Portugal) FC Porto
54%
LaLiga (Spain) Sevilla
54%
Bundesliga (Germany) VfB Stuttgart
54%
Belgian Pro League (Belgium) Club Brugge
52%
LaLiga (Spain) Valencia
52%
Bundesliga (Germany) VfL Wolfsburg
52%
LaLiga (Spain) Villarreal
52%
Bundesliga (Germany) Borussia Mönchengladbach
51%
Bundesliga (Germany) Eintracht Frankfurt
51%
Süper Lig (Turkey) Galatasaray
51%
Serie A (Italy) Lazio
51%
LaLiga (Spain) Real Betis
51%
Ligue 1 (France) AS Monaco
49%
Serie A (Italy) Atalanta
49%
Bundesliga (Germany) 1. FC Köln
48%
Bundesliga (Germany) 1. FSV Mainz 05
48%
Liga Portugal (Portugal) Benfica
48%
Bundesliga (Germany) SC Freiburg
48%
Bundesliga (Germany) Werder Bremen
48%
Bundesliga (Germany) 1. FC Union Berlin
46%
Bundesliga (Germany) Augsburg
46%
Serie A (Italy) Bologna
46%
Eredivisie (Netherlands) Feyenoord
46%
LaLiga (Spain) Mallorca
46%
Premier League (England) Sheffield United
46%
Saudi Pro League (Saudi Arabia) Al-Hilal
44%
LaLiga (Spain) Las Palmas
44%
LaLiga (Spain) Real Sociedad
44%
Saudi Pro League (Saudi Arabia) Al-Nassr
43%
Süper Lig (Turkey) Beşiktaş
43%
Bundesliga (Germany) TSG 1899 Hoffenheim
43%
Serie A (Italy) Cagliari
41%
Ligue 1 (France) Lens
41%
Serie A (Italy) Torino
41%
LaLiga (Spain) Alavés
40%
Belgian Pro League (Belgium) Anderlecht
38%
Liga Portugal (Portugal) Braga
38%
Süper Lig (Turkey) Fenerbahçe
38%
Serie A (Italy) Fiorentina
38%
Ligue 1 (France) OGC Nice
38%
Ligue 1 (France) Strasbourg
38%
Ligue 1 (France) Toulouse
38%
Serie A (Italy) Udinese
38%
LaLiga (Spain) Celta Vigo
37%
Belgian Pro League (Belgium) Genk
37%
LaLiga (Spain) Getafe
37%
Belgian Pro League (Belgium) Antwerp
35%
Serie A (Italy) Genoa
35%
Serie A (Italy) Hellas Verona
35%
Ligue 1 (France) Stade Rennes
35%
Bundesliga (Germany) VfL Bochum
35%
LaLiga (Spain) Almería
33%
Eredivisie (Netherlands) AZ Alkmaar
33%
Ligue 1 (France) Brest
33%
Belgian Pro League (Belgium) Gent
33%
Serie A (Italy) Sassuolo
33%
Bundesliga (Germany) Heidenheim
32%
Ligue 1 (France) Montpellier HSC
32%
Ligue 1 (France) Nantes
32%
LaLiga (Spain) Rayo Vallecano
32%
Serie A (Italy) Empoli
30%
LaLiga (Spain) Osasuna
30%
Ligue 1 (France) Stade de Reims
30%
Eredivisie (Netherlands) Utrecht
30%
Serie A (Italy) Lecce
29%
Eredivisie (Netherlands) Sparta Rotterdam
29%
Eredivisie (Netherlands) Twente
29%
Saudi Pro League (Saudi Arabia) Al-Ahli
27%
Saudi Pro League (Saudi Arabia) Al-Ittihad
27%
Süper Lig (Turkey) Antalyaspor
27%
LaLiga (Spain) Cádiz
27%
Belgian Pro League (Belgium) Cercle Brugge
27%
Ligue 1 (France) FC Metz
27%
LaLiga (Spain) Granada
27%
Ligue 1 (France) Lorient
27%
Serie A (Italy) Monza
27%
Serie A (Italy) Salernitana
27%
Bundesliga (Germany) SV Darmstadt 98
27%
Eredivisie (Netherlands) Go Ahead Eagles
25%
Liga Portugal (Portugal) Boavista
24%
Ligue 1 (France) Le Havre
24%
Belgian Pro League (Belgium) Standard Liège
24%
Süper Lig (Turkey) Trabzonspor
24%
Ligue 1 (France) Clermont
22%
Eredivisie (Netherlands) SC Heerenveen
22%
Eredivisie (Netherlands) Vitesse
22%
Süper Lig (Turkey) Başakşehir
21%
Süper Lig (Turkey) Konyaspor
21%
Ekstraklasa (Poland) Lech Poznań
21%
Serie A (Italy) Frosinone
19%
Eredivisie (Netherlands) NEC Nijmegen
19%
Liga Portugal (Portugal) Rio Ave
19%
Belgian Pro League (Belgium) Charleroi
17%
Eredivisie (Netherlands) PEC Zwolle
17%
Liga Portugal (Portugal) Vitória Guimarães
17%
Liga Portugal (Portugal) Arouca
16%
Süper Lig (Turkey) Adana Demirspor
14%
Süper Lig (Turkey) Alanyaspor
14%
Saudi Pro League (Saudi Arabia) Al-Ettifaq
14%
Liga Portugal (Portugal) Casa Pia
14%
Liga Portugal (Portugal) Estoril
14%
Eredivisie (Netherlands) Fortuna Sittard
14%
Süper Lig (Turkey) Gaziantep
14%
Eredivisie (Netherlands) Heracles Almelo
14%
Ekstraklasa (Poland) Legia Warszawa
14%
Belgian Pro League (Belgium) Mechelen
14%
Liga Portugal (Portugal) Portimonense
14%
Eredivisie (Netherlands) Excelsior
13%
Ekstraklasa (Poland) Jagiellonia Białystok
13%
Liga Portugal (Portugal) Moreirense
13%
Eredivisie (Netherlands) RKS Waalwijk
13%
Ekstraklasa (Poland) Stal Mielec
13%
Saudi Pro League (Saudi Arabia) Al-Fateh
11%
Eredivisie (Netherlands) Almere City
11%
Liga Portugal (Portugal) Chaves
11%
Ekstraklasa (Poland) Cracovia
11%
Belgian Pro League (Belgium) Eupen
11%
Liga Portugal (Portugal) Famalicão
11%
Süper Lig (Turkey) Kasımpaşa
11%
Belgian Pro League (Belgium) Kortrijk
11%
Ekstraklasa (Poland) Pogoń Szczecin
11%
Ekstraklasa (Poland) Raków Częstochowa
11%
Süper Lig (Turkey) Samsunspor
11%
Liga Portugal (Portugal) Vizela
11%
Eredivisie (Netherlands) Volendam
11%
Saudi Pro League (Saudi Arabia) Al-Shabab
10%
Süper Lig (Turkey) Ankaragücü
10%
Liga Portugal (Portugal) Farense
10%
Ekstraklasa (Poland) Górnik Zabrze
10%
Süper Lig (Turkey) Kayserispor
10%
Ekstraklasa (Poland) Radomiak Radom
10%
Belgian Pro League (Belgium) Sint-Truiden
10%
Süper Lig (Turkey) Sivasspor
10%
Ekstraklasa (Poland) Śląsk Wrocław
10%
Ekstraklasa (Poland) Widzew Łódź
10%
Ekstraklasa (Poland) Zagłębie Lubin
10%
Saudi Pro League (Saudi Arabia) Abha
8%
Saudi Pro League (Saudi Arabia) Al-Raed
8%
Saudi Pro League (Saudi Arabia) Al-Wehda
8%
Süper Lig (Turkey) İstanbulspor
8%
Ekstraklasa (Poland) Korona Kielce
8%
Ekstraklasa (Poland) Piast Gliwice
8%
Ekstraklasa (Poland) Ruch Chorzów
8%
Ekstraklasa (Poland) Warta Poznań
8%
Belgian Pro League (Belgium) Westerlo
8%
Saudi Pro League (Saudi Arabia) Al-Fayha
6%
Saudi Pro League (Saudi Arabia) Al-Hazem
6%
Saudi Pro League (Saudi Arabia) Al-Khaleej
6%
Saudi Pro League (Saudi Arabia) Al-Riyadh
6%
Saudi Pro League (Saudi Arabia) Al-Taawoun
6%
Saudi Pro League (Saudi Arabia) Damac
6%
Süper Lig (Turkey) Hatayspor
6%
Ekstraklasa (Poland) ŁKS Łódź
6%
Belgian Pro League (Belgium) OH Leuven
6%
Süper Lig (Turkey) Pendikspor
6%
Ekstraklasa (Poland) Puszcza Niepołomice
6%
Saudi Pro League (Saudi Arabia) Al-Okhdood
5%
Saudi Pro League (Saudi Arabia) Al-Tai
5%
Süper Lig (Turkey) Çaykur Rizespor
5%
Süper Lig (Turkey) Fatih Karagümrük
5%
Belgian Pro League (Belgium) Royale Union Saint-Gilloise
5%
Belgian Pro League (Belgium) RWD Molenbeek
5%
Liga Portugal (Portugal) Estrela de Amadora
3%
Liga Portugal (Portugal) Gil Vincente
2%
No matching quizzes found
Score Distribution
Percent of People with Each Score
Percentile by Number Answered
Your Score History
You have not taken this quiz since the last reset